[Event "Copenhagen Chess Challenge 2018"]
[Site "Ballerup"]
[Date "2018.04.26"]
[Round "3"]
[White "Thorsbro, Peter"]
[Black "Sundin, Sven-Ingvar"]
[Result "1-0"]
[WhiteElo "2144"]
[BlackElo "1663"]
[EventDate "2018.04.25"]
[EventRounds "9"]
[EventCountry "Danmark"]
[WhiteFideId "1406671"]
[BlackFideId "1724517"]

1. d4 d5 2. c4 c6 3. Nc3 Nf6 4. e3 e6 5. Nf3 Bd6 6. Bd3 dxc4 7. Bxc4 Nbd7 8. O-O b5 9. Bb3 O-O 10. Ng5 Qe7 11. Nge4 Bb8 12. Bd2 Bb7 13. Rc1 a5 14. a3 Rc8 15. f4 Nxe4 16. Nxe4 c5 17. Nxc5 Nxc5 18. dxc5 Rxc5 19. Bc3 a4 20. Qg4 Rxc3 21. Rxc3 axb3 22. Rfc1 Bd6 23. Qe2 Ba6 24. Qd1 g6 25. Rc6 Bb8 26. Rxa6 Rxa6 27. Rc8+ Kg7 28. Rxb8 Qa7 29. Qd4+ Qxd4 30. exd4 Rd6 31. Rxb5 Rxd4 32. Rxb3 Rxf4 33. Rc3 Rd4 34. Rc1 Rd2 35. Rb1 e5 36. a4 f5 37. a5 e4 38. a6 e3 39. a7 Rd8 40. Rc1 f4 41. b4 g5 42. b5 g4 43. Re1 f3 44. gxf3 gxf3 45. Rxe3  1-0

[Event "Copenhagen Chess Challenge 2018"]
[Site "Ballerup"]
[Date "2018.04.26"]
[Round "3"]
[White "Vangsgaard, Claus"]
[Black "Jorgensen, Olav Erstad"]
[Result "1-0"]
[WhiteElo "1938"]
[BlackElo "1636"]
[EventDate "2018.04.25"]
[EventRounds "9"]
[EventCountry "Danmark"]
[WhiteFideId "1417320"]
[BlackFideId "1457063"]

1. e4 c5 2. d3 Nc6 3. f4 d6 4. Nf3 g6 5. c3 Nf6 6. Be2 Bg7 7. Qc2 e5 8. O-O O-O 9. Na3 Be6 10. Bd2 a6 11. Ng5 Bg4 12. Bxg4 Nxg4 13. h3 Nf6 14. f5 d5 15. fxg6 hxg6 16. Rf2 dxe4 17. dxe4 Qe7 18. Raf1 b5 19. Qd3 Rad8 20. Qf3 Rd7 21. g4 Rfd8 22. Qg2 b4 23. Nb1 Na5 24. Nxf7 Qxf7 25. g5 Rd6 26. gxf6 Rxf6 27. Rxf6 Bxf6 28. cxb4 cxb4 29. Qf2 Kg7 30. Bxb4 Nc6 31. Bc3 Qa7 32. Qxa7+ Nxa7 33. Na3 Rd3 34. Kg2 Re3 35. Re1 Rd3 36. Nc4 Nc6 37. Re2 Kf7 38. Rd2 Rxd2+ 39. Nxd2 Ke6 40. Nc4 g5 41. Kf3 Kf7 42. Kg4 Kg6 43. Nd2 Nd4 44. Nf3 Nxf3 45. Kxf3 Kh5 46. Kg3 Bg7 47. b4 Bf8 48. a4 Bd6 49. b5 axb5 50. axb5 Bc7 51. Bb4 Bb8 52. b6 Kg6 53. Kg4 Kh6 54. Be7 Kg6 55. Bxg5 Kf7 56. Bd8 Ke6 57. Bc7 Bxc7 58. bxc7 Kd7 59. Kf5 Kxc7 60. Ke6  1-0

[Event "Copenhagen Chess Challenge 2018"]
[Site "Ballerup"]
[Date "2018.04.26"]
[Round "3"]
[White "Sorensen, Bernhard W"]
[Black "Nielsen, Thomas"]
[Result "1-0"]
[WhiteElo "1762"]
[BlackElo "1585"]
[EventDate "2018.04.25"]
[EventRounds "9"]
[EventCountry "Danmark"]
[WhiteFideId "1442074"]
[BlackFideId "1431676"]

1. d4 e6 2. Bf4 c5 3. e3 Nf6 4. c3 d6 5. Nf3 Nh5 6. Bg5 Qb6 7. Qb3 Qxb3 8. axb3 h6 9. Bh4 g5 10. Bg3 Nxg3 11. hxg3 Bg7 12. b4 cxb4 13. cxb4 Nc6 14. b5 Nb4 15. Kd2 Bd7 16. Nc3 Nd5 17. Nxd5 exd5 18. b4 Bf5 19. b6 a6 20. Rc1 Rc8 21. Bd3 Rxc1 22. Rxc1 Bd7 23. Rc7 Bc6 24. Bxa6 O-O 25. Bxb7 Bxb7 26. Rxb7 Rc8 27. Rc7 Rb8 28. b7 Bf8 29. Kd3 Kg7 30. Nd2 Kf6 31. b5 Be7 32. Nb3 Ke6 33. Na5  1-0

[Event "Copenhagen Chess Challenge 2018"]
[Site "Ballerup"]
[Date "2018.04.26"]
[Round "3"]
[White "Hentley, Darryl"]
[Black "Larsen, Preben R."]
[Result "0-1"]
[WhiteElo "1544"]
[BlackElo "1796"]
[EventDate "2018.04.25"]
[EventRounds "9"]
[EventCountry "Danmark"]
[WhiteFideId "16205650"]
[BlackFideId "1425790"]

1. d4 Nf6 2. c3 d5 3. b4 Bf5 4. Nd2 e6 5. Ngf3 c6 6. h3 a5 7. a3 axb4 8. cxb4 Bxb4 9. Qb3 Qe7 10. Bb2 Bd6 11. g4 Bg6 12. Bg2 Ne4 13. Nxe4 Bxe4 14. O-O h5 15. Nd2 Bxg2 16. Kxg2 hxg4 17. Rh1 gxh3+ 18. Rxh3 Rxh3 19. Qxh3 Qg5+ 20. Kf1 Qxd2 21. Qb3 Nd7 22. Rd1 Qh6 23. e3 b6 24. Rc1 Rc8 25. a4 Qf6 26. Ke2 Qd8 27. Rh1 Ke7 28. Qc2 Nf6 29. f3 c5 30. Qd3 cxd4 31. Bxd4 Qc7 32. Bxf6+ gxf6 33. Rb1 Qc2+ 34. Qxc2 Rxc2+ 35. Kd3 Ra2 36. Rxb6 Rxa4 37. f4 Bc5 38. Rb7+ Kf8 39. Ke2 Ra3 40. f5 Rxe3+ 41. Kd2 Re5 42. fxe6 fxe6 43. Rh7 f5 44. Kd1 f4 45. Rh6 Kg7 46. Rh3 Re3 47. Rh4 f3 48. Rf4 e5 49. Rf5 Kg6  0-1

[Event "Copenhagen Chess Challenge 2018"]
[Site "Ballerup"]
[Date "2018.04.27"]
[Round "4"]
[White "Bjerre, Jonas Buhl"]
[Black "Thybo, Jesper Sondergaard"]
[Result "0-1"]
[WhiteElo "2378"]
[BlackElo "2473"]
[EventDate "2018.04.25"]
[EventRounds "9"]
[EventCountry "Danmark"]
[WhiteFideId "1444948"]
[BlackFideId "1438832"]

1. e4 e5 2. Nf3 Nc6 3. Bc4 Bc5 4. c3 Nf6 5. d3 d6 6. O-O a6 7. a4 Ba7 8. Na3 Ne7 9. Nc2 O-O 10. Bg5 Ng6 11. Nh4 Nxh4 12. Bxh4 h6 13. Ne3 g5 14. Bg3 Bxe3 15. fxe3 Be6 16. Bxe6 fxe6 17. d4 Qe7 18. dxe5 Nxe4 19. exd6 Rxf1+ 20. Qxf1 cxd6 21. Qd3 Qh7 22. c4 Rf8 23. Bxd6 Rd8 24. c5 Nxd6 25. Qxh7+ Kxh7 26. cxd6 Rxd6 27. b4 Kg6 28. Rc1 Kf5 29. Rc4 b5 30. Rc5+ Rd5 31. Rc6 a5 32. e4+ Kxe4 33. bxa5 bxa4 34. Rxe6+ Kd4 35. Rxh6 a3 36. Re6 a2 37. Re1 Rb5  0-1

[Event "Copenhagen Chess Challenge 2018"]
[Site "Ballerup"]
[Date "2018.04.27"]
[Round "4"]
[White "Urkedal, Frode Olav Olsen"]
[Black "Fries Nielsen, Jens Ove"]
[Result "1-0"]
[WhiteElo "2560"]
[BlackElo "2358"]
[EventDate "2018.04.25"]
[EventRounds "9"]
[EventCountry "Danmark"]
[WhiteFideId "1506102"]
[BlackFideId "1400142"]

1. d4 g6 2. e4 Bg7 3. Nf3 e6 4. c4 Ne7 5. Nc3 a6 6. Be2 d5 7. exd5 exd5 8. O-O Nbc6 9. cxd5 Nxd5 10. Bg5 Nxc3 11. bxc3 f6 12. Bc1 O-O 13. Bc4+ Kh8 14. Ba3 Re8 15. Bf7 Re4 16. Nd2 Rg4 17. Re1 Bd7 18. h3 Rg5 19. f4 Ra5 20. Nc4 Rxa3 21. Nxa3 Qf8 22. Qb3 Na5 23. Qd5 Bc6 24. Qxa5 Qxf7 25. Re2 Bf8 26. c4 b6 27. Qc3 Bxa3 28. Qxa3 Qxc4 29. Qb2 Qd5 30. Rae1 a5 31. Re7 Rc8 32. R1e6 a4 33. Rxf6 a3 34. Qf2 Kg8 35. f5  1-0

[Event "Copenhagen Chess Challenge 2018"]
[Site "Ballerup"]
[Date "2018.04.27"]
[Round "4"]
[White "Strange, Mikkel"]
[Black "Hector, Jonny"]
[Result "1/2-1/2"]
[WhiteElo "2363"]
[BlackElo "2502"]
[EventDate "2018.04.25"]
[EventRounds "9"]
[EventCountry "Danmark"]
[WhiteFideId "1402765"]
[BlackFideId "1700090"]

1. e4 e5 2. Nf3 Nc6 3. Bc4 Nf6 4. Ng5 d5 5. exd5 Na5 6. Bb5+ c6 7. dxc6 bxc6 8. Be2 h6 9. Nf3 e4 10. Ne5 Bc5 11. c3 Bd6 12. f4 O-O 13. d4 exd3 14. Qxd3 Qc7 15. Nd2 Be6 16. O-O Rad8 17. Qg3 Nb7 18. Ndc4 Bc5+ 19. Be3 Ne4 20. Qf3 Nd2 21. Nxd2 Rxd2 22. Bxc5 Nxc5 23. Bc4 Rxb2 24. Bxe6 Nxe6 25. Qxc6 Rc8 26. Qxc7 Rxc7 27. Nd3 Rd2 28. Rfd1 Rxd1+ 29. Rxd1 Rxc3 30. Rd2 Rc4 31. g3 g5 32. fxg5 hxg5 33. Kf2 Kg7 34. Rb2 Ra4 35. Nc1 Rc4 36. Nd3 Kf6 37. Ke3 Ra4 38. Rf2+ Ke7 39. Ne5 Nd8 40. h4 Ra3+ 41. Nd3 Ne6 42. hxg5 Nc5 43. Rd2 Kf8 44. Kd4 Nxd3 45. Rxd3 Rxa2 46. Ke5 Kg7 47. Kf5 Ra5+ 48. Kg4 Ra1 49. Rd7 a5 50. Ra7 a4 51. Kf5 a3 52. g6 a2 53. Kg5 Rg1 54. Rxa2 Rxg3+ 55. Kf4 Rxg6 56. Ra8 Rb6 57. Kf5 Rb5+ 58. Kf4 Kg6 59. Ra6+ f6 60. Ra8 Rb4+ 61. Kf3 Kg5 62. Ra5+ f5 63. Ra3 Rh4 64. Kg3 Rh8 65. Rb3 f4+ 66. Kg2 Kg4 67. Ra3 Rb8 68. Kf2 Rb2+ 69. Kf1 Rc2 70. Kg1 Re2 71. Kf1 Rd2 72. Kg1 Kf5 73. Kf1 Ke4 74. Ra4+ Ke3 75. Ra3+ Ke4 76. Ra4+ Kf3 77. Ra3+ Kg4 78. Kg1 Re2 79. Kf1 Re4 80. Kf2 Rb4 81. Kg2 Kf5 82. Kf3 Rb5 83. Rc3 Ra5 84. Rb3 Ke5 85. Rc3 Ra1 86. Rc5+ Kd4 87. Rc8 Rf1+  1/2-1/2

[Event "Copenhagen Chess Challenge 2018"]
[Site "Ballerup"]
[Date "2018.04.27"]
[Round "4"]
[White "Danielsen, Henrik"]
[Black "Haubro, Martin"]
[Result "0-1"]
[WhiteElo "2500"]
[BlackElo "2358"]
[EventDate "2018.04.25"]
[EventRounds "9"]
[EventCountry "Danmark"]
[WhiteFideId "1400185"]
[BlackFideId "1414291"]

1. Nf3 Nf6 2. c4 c5 3. g3 b6 4. Bg2 Bb7 5. O-O e6 6. b3 Be7 7. Bb2 O-O 8. e3 a6 9. Qe2 Qc7 10. Nc3 d6 11. Rac1 Nbd7 12. e4 Rfe8 13. Rfd1 Rac8 14. h3 Qb8 15. d3 h6 16. Nh2 d5 17. f4 d4 18. Nb1 e5 19. f5 Nh7 20. h4 Qd6 21. Bh3 Kf8 22. Rf1 Bf6 23. Nd2 Ke7 24. Ndf3 Rg8 25. Kh1 Rcf8 26. Rb1 g5 27. fxg6 fxg6 28. Bc1 Bg7 29. Bd2 Bc8 30. b4 Nhf6 31. a4 cxb4 32. Bxb4 Nc5 33. Bxc8 Rxc8 34. Rb2 Nfd7 35. Ra1 a5 36. Ba3 Rgf8 37. Rab1 Rc6 38. Rb5 Kd8 39. Kg2 Kc7 40. Nd2 Qe6 41. Ra1 Rf7 42. Bxc5 Nxc5 43. Nb3 Nd7 44. Rf1 Rxf1 45. Qxf1 Qe7 46. Qc1 Bf8 47. Ng4 h5 48. Nh2 Qf7 49. Qe1 Rf6 50. Qe2 Qe6 51. Qc2 Bb4 52. Nf3 Qg4 53. Nh2 Qe6 54. Qd1 Kd8 55. Rd5 Ke8 56. Na1 Rf7 57. Nc2 Bf8 58. Ne1 Nf6 59. Rb5 Ng4 60. Nxg4 hxg4 61. Qe2 Qf6 62. Rd5 Bb4 63. Nc2 Bd2 64. Qxd2  0-1

[Event "Copenhagen Chess Challenge 2018"]
[Site "Ballerup"]
[Date "2018.04.27"]
[Round "4"]
[White "Pajeken, Wolfgang"]
[Black "Genov, Petar"]
[Result "1-0"]
[WhiteElo "2243"]
[BlackElo "2435"]
[EventDate "2018.04.25"]
[EventRounds "9"]
[EventCountry "Danmark"]
[WhiteFideId "4622170"]
[BlackFideId "2900211"]

1. d4 Nf6 2. c4 e6 3. Nc3 Bb4 4. g3 O-O 5. Bg2 d6 6. Nf3 Nc6 7. O-O Qe7 8. Na4 a6 9. a3 Ba5 10. b4 Bb6 11. Nxb6 cxb6 12. d5 Nb8 13. Bb2 e5 14. Nh4 Re8 15. e4 b5 16. cxb5 axb5 17. Qd3 Bd7 18. Rae1 Na6 19. f4 exf4 20. Rxf4 Ng4 21. Nf5 Bxf5 22. Rxf5 Qd7 23. Ref1 f6 24. Bh3 Ne5 25. Bxe5 dxe5 26. g4 Qd6 27. g5 fxg5 28. Rxg5 Nc7 29. Qg3 Re7 30. Rgf5 Qg6 31. Qxg6 hxg6 32. R5f3 Ree8 33. Rc1  1-0

[Event "Copenhagen Chess Challenge 2018"]
[Site "Ballerup"]
[Date "2018.04.27"]
[Round "4"]
[White "Sonis, Francesco"]
[Black "Moe, Mogens"]
[Result "1-0"]
[WhiteElo "2448"]
[BlackElo "2233"]
[EventDate "2018.04.25"]
[EventRounds "9"]
[EventCountry "Danmark"]
[WhiteFideId "895733"]
[BlackFideId "1400550"]

1. e4 c5 2. Nf3 Nc6 3. d4 cxd4 4. Nxd4 e6 5. Nc3 Qc7 6. f4 a6 7. Nxc6 Qxc6 8. Be2 Bc5 9. Qd3 Ne7 10. Bf3 d6 11. Be3 Bxe3 12. Qxe3 O-O 13. O-O b5 14. Rfd1 Rd8 15. Rd2 Bb7 16. Rad1 Rd7 17. f5 b4 18. Ne2 exf5 19. exf5 d5 20. Nf4 Qf6 21. Nh5 Qh4 22. Qe5 Qg5 23. Re2 Rf8 24. h4 Qh6 25. f6 Ng6 26. Qd4 Rfd8 27. fxg7 Rd6 28. Rde1 Bc6 29. g3 f5 30. Bxd5+ Rxd5 31. Re8+ Rxe8 32. Qxd5+ Bxd5 33. Rxe8+ Nf8 34. Rxf8#  1-0

[Event "Copenhagen Chess Challenge 2018"]
[Site "Ballerup"]
[Date "2018.04.27"]
[Round "4"]
[White "Brondt, Nicolai Kvist"]
[Black "Percivaldi, Martin"]
[Result "0-1"]
[WhiteElo "2179"]
[BlackElo "2398"]
[EventDate "2018.04.25"]
[EventRounds "9"]
[EventCountry "Danmark"]
[WhiteFideId "1413848"]
[BlackFideId "1508148"]

1. d4 Nf6 2. c4 e6 3. g3 d5 4. Nf3 Bb4+ 5. Bd2 Be7 6. Bg2 O-O 7. O-O Nbd7 8. Nc3 dxc4 9. Bg5 c6 10. a4 a5 11. e4 h6 12. Be3 b6 13. d5 cxd5 14. exd5 exd5 15. Nxd5 Bb7 16. Nxe7+ Qxe7 17. Re1 Qb4 18. Bd4 Rfe8 19. Bc3 Qc5 20. Bd4 Qd6 21. Bxf6 Qxd1 22. Rexd1 Nxf6 23. Nd2 Bxg2 24. Kxg2 c3 25. bxc3 Rac8 26. Rdc1 Re2 27. Nf1 Rb2 28. Ne3 Ne4 29. Nd1 Rd2 30. Kf1 Nc5 31. Rcb1 Rc6 32. Rb2 Rcd6 33. Rxd2 Rxd2 34. Ne3 Ne4 35. Nd1 Rc2 36. Rb1 Nd2+  0-1

[Event "Copenhagen Chess Challenge 2018"]
[Site "Ballerup"]
[Date "2018.04.27"]
[Round "4"]
[White "Jacobsen, Mikkel Manosri"]
[Black "Sylvan, Jacob"]
[Result "1-0"]
[WhiteElo "2172"]
[BlackElo "2341"]
[EventDate "2018.04.25"]
[EventRounds "9"]
[EventCountry "Danmark"]
[WhiteFideId "1444514"]
[BlackFideId "1402137"]

1. d4 Nf6 2. c4 g6 3. Nc3 Bg7 4. Nf3 d6 5. Bg5 h6 6. Bh4 g5 7. Bg3 Nh5 8. e3 c5 9. d5 Qa5 10. Qc2 Nd7 11. Nd2 Nxg3 12. hxg3 a6 13. Be2 Rb8 14. f4 gxf4 15. gxf4 b5 16. g4 bxc4 17. Rc1 Nb6 18. g5 f5 19. gxf6 Bxf6 20. Nce4 Bg7 21. Nxd6+ exd6 22. Qg6+ Kd8 23. Qxg7 Re8 24. Rxh6 Rb7 25. Qf6+ Rbe7 26. Qxd6+ Bd7 27. b4 Qb5 28. e4 Nc8 29. Qxc5 Rg7 30. Rxc4 Reg8 31. Qc7+  1-0

[Event "Copenhagen Chess Challenge 2018"]
[Site "Ballerup"]
[Date "2018.04.27"]
[Round "4"]
[White "Pajeken, Jakob Leon"]
[Black "Matthiesen, Martin"]
[Result "0-1"]
[WhiteElo "2152"]
[BlackElo "2330"]
[EventDate "2018.04.25"]
[EventRounds "9"]
[EventCountry "Danmark"]
[WhiteFideId "12942839"]
[BlackFideId "1404067"]

1. e4 e5 2. Nf3 Nc6 3. Bb5 a6 4. Ba4 Nf6 5. d3 d6 6. c4 g6 7. Nc3 Bg7 8. O-O O-O 9. Be3 Bg4 10. h3 Bxf3 11. Qxf3 Nd7 12. Bxc6 bxc6 13. Rab1 a5 14. a3 Qe7 15. b4 axb4 16. axb4 Ra3 17. Rfc1 Rfa8 18. g3 f5 19. b5 f4 20. bxc6 fxe3 21. cxd7 exf2+ 22. Qxf2 Qxd7 23. Kg2 c6 24. Qb2 Bh6 25. Rc2 Be3 26. Rd1 Bd4 27. Qc1 Rb3 28. Ne2 Ra1 29. Qd2 Be3 30. Qe1 Raa3 31. Rc3 Qb7 32. Rxb3 Qxb3 33. Kf3 Bc5 34. Kg4 Qb7 35. Kf3 Qb3 36. Kg4 Qb7 37. Kf3 Ra8 38. Kg2 Rf8 39. d4 exd4 40. Nxd4 Qb2+ 41. Rd2 Qc3 42. Ne6 Qf3+ 43. Kh2 Bf2  0-1

[Event "Copenhagen Chess Challenge 2018"]
[Site "Ballerup"]
[Date "2018.04.27"]
[Round "4"]
[White "Kristensen, Kaare Hove"]
[Black "Laustsen, Lars"]
[Result "1/2-1/2"]
[WhiteElo "2313"]
[BlackElo "2205"]
[EventDate "2018.04.25"]
[EventRounds "9"]
[EventCountry "Danmark"]
[WhiteFideId "1400940"]
[BlackFideId "1407554"]

1. e4 c5 2. Nf3 d6 3. d4 cxd4 4. Nxd4 Nf6 5. Nc3 a6 6. Bg5 e6 7. f4 Nbd7 8. Qf3 Qc7 9. O-O-O b5 10. Bd3 Bb7 11. Rhe1 Be7 12. Qg3 b4 13. Nd5 exd5 14. exd5 Kd8 15. Nc6+ Bxc6 16. dxc6 Nc5 17. Bh4 Rg8 18. Bxh7 Rh8 19. Qxg7 Rxh7 20. Qxf6 Rxh4 21. Qxf7 Rh8 22. Re5 Na4 23. Re3 Ra7 24. Rde1 Qxc6 25. Rxe7 Rxe7 26. Qxe7+ Kc8 27. h3 Nc5 28. Kb1 Rd8 29. g4 a5 30. f5 a4 31. f6 b3 32. axb3 axb3 33. cxb3 Qf3 34. Qe3 Qxf6 35. b4 Qg6+ 36. Ka1 Kc7 37. Qe7+ Rd7 38. bxc5 Rxe7 39. Rxe7+ Kd8 40. cxd6 Qxd6 41. Re3 Qd1+ 42. Ka2 Qa4+ 43. Ra3 Qc4+ 44. Ka1 Qc1+ 45. Ka2 Qc4+ 46. Kb1 Qf1+ 47. Ka2 Qc4+  1/2-1/2

[Event "Copenhagen Chess Challenge 2018"]
[Site "Ballerup"]
[Date "2018.04.27"]
[Round "4"]
[White "Boe Olsen, Filip"]
[Black "Jorgensen, Dennis"]
[Result "1-0"]
[WhiteElo "2309"]
[BlackElo "2164"]
[EventDate "2018.04.25"]
[EventRounds "9"]
[EventCountry "Danmark"]
[WhiteFideId "1440640"]
[BlackFideId "1408380"]

1. d4 Nf6 2. c4 e6 3. Nc3 Bb4 4. e3 O-O 5. Bd3 c5 6. Nf3 d5 7. O-O Nc6 8. cxd5 exd5 9. dxc5 Bg4 10. h3 Bh5 11. Na4 Qe7 12. b3 Rad8 13. Bb2 Ne4 14. a3 Bxc5 15. Nxc5 Qxc5 16. Rc1 Qe7 17. Be2 Rd6 18. Nd4 Bxe2 19. Nxe2 Qh4 20. b4 a6 21. a4 Ng5 22. Nf4 d4 23. b5 axb5 24. axb5 Ne5 25. Ba3 Rh6 26. Bxf8 Nef3+ 27. Kh1 Nxh3 28. Nxh3 Ng5 29. Be7 Qe4 30. Rc8#  1-0

[Event "Copenhagen Chess Challenge 2018"]
[Site "Ballerup"]
[Date "2018.04.27"]
[Round "4"]
[White "Thybo, Thomas Sondergaard"]
[Black "Mikalsen, Erlend"]
[Result "0-1"]
[WhiteElo "2004"]
[BlackElo "2307"]
[EventDate "2018.04.25"]
[EventRounds "9"]
[EventCountry "Danmark"]
[WhiteFideId "1441299"]
[BlackFideId "1507338"]

1. e4 c5 2. Nf3 d6 3. d4 cxd4 4. Nxd4 Nf6 5. Nc3 Nc6 6. g3 Bg4 7. Qd3 g6 8. Bg2 Nxd4 9. Qxd4 Bg7 10. Bg5 Qa5 11. Bd2 O-O 12. Nd5 Qb5 13. c4 Qd7 14. Bc3 Be6 15. O-O Nh5 16. Qd3 Rac8 17. a4 Rfe8 18. b3 Bh3 19. Rfd1 Bxg2 20. Kxg2 Qc6 21. Bxg7 Nxg7 22. Qe3 a5 23. Nb6 Rcd8 24. Rd5 e6 25. Rb5 f5 26. Re1 fxe4 27. Qxe4 d5 28. Qf3 Rf8 29. cxd5 exd5 30. Qd3 Rf5 31. f3 Ne6 32. h4 Nc7 33. Qd4 Nxb5 34. axb5 Qxb5 35. Re7 Rf7 36. Rxf7 Kxf7 37. Qf4+ Kg8 38. Qf6 Qe2+ 39. Kh3 Rf8 40. Qc3 Qxf3  0-1

[Event "Copenhagen Chess Challenge 2018"]
[Site "Ballerup"]
[Date "2018.04.27"]
[Round "4"]
[White "Vangsgaard, Bjarke"]
[Black "Hobber, Anders"]
[Result "0-1"]
[WhiteElo "1940"]
[BlackElo "2268"]
[EventDate "2018.04.25"]
[EventRounds "9"]
[EventCountry "Danmark"]
[WhiteFideId "1436570"]
[BlackFideId "1505424"]

1. d4 d5 2. e3 Nf6 3. Bd3 c5 4. c3 g6 5. f4 Bg7 6. Nf3 O-O 7. Nbd2 b6 8. O-O Ba6 9. Bxa6 Nxa6 10. Ne5 Nc7 11. g4 Nb5 12. g5 Nd7 13. Qb3 Nxe5 14. fxe5 Qd7 15. Rf4 Nc7 16. Nf3 f6 17. exf6 exf6 18. Qd1 fxg5 19. Nxg5 h6 20. Nf3 g5 21. Rxf8+ Rxf8 22. Nd2 Qf5 23. Qe2 Qc2 24. Qg2 Qd1+ 25. Nf1 Kh8 26. b3 Qd3 27. Bb2 Nb5 28. Rc1 Nc7 29. Re1 Qa6 30. a4 c4 31. b4 Qxa4 32. Ra1 Qc6 33. Rxa7 Nb5 34. Ra1 Qe6 35. Re1 Nd6 36. Ng3 Re8 37. Nh5 Ne4 38. Kh1 Rf8 39. Rf1 Rf5 40. Kg1 Rxf1+ 41. Qxf1 Qg4+ 42. Ng3 Nxg3 43. hxg3 Qxg3+  0-1

[Event "Copenhagen Chess Challenge 2018"]
[Site "Ballerup"]
[Date "2018.04.27"]
[Round "4"]
[White "Brynell, Stellan"]
[Black "Stray, Gunnar"]
[Result "0-1"]
[WhiteElo "2420"]
[BlackElo "2042"]
[EventDate "2018.04.25"]
[EventRounds "9"]
[EventCountry "Danmark"]
[WhiteFideId "1700219"]
[BlackFideId "1501631"]

1. c4 Nf6 2. Nc3 e6 3. d4 d5 4. Bg5 Be7 5. e3 h6 6. Bh4 Ne4 7. Bxe7 Qxe7 8. Rc1 c6 9. Nf3 Nd7 10. Bd3 f5 11. O-O O-O 12. Qc2 Ndf6 13. Ne2 g5 14. Ne5 Qg7 15. f3 Nd6 16. c5 Nde8 17. b4 Nd7 18. f4 Nb8 19. fxg5 hxg5 20. g4 Nd7 21. Nxd7 Qxd7 22. Rf3 Qe7 23. Rcf1 Ng7 24. Ng3 Bd7 25. Kg2 fxg4 26. Rxf8+ Rxf8 27. e4 Rxf1 28. Bxf1 e5 29. exd5 cxd5 30. Qb3 Kf8 31. Qe3 e4 32. Ne2 Qf6 33. Qg3 Qf3+ 34. Kg1 e3 35. Qd6+ Kg8 36. Ng3 Bf5 37. Bg2 Qf2+ 38. Kh1 e2 39. Nxe2 Qxe2 40. Bxd5+ Kh7 41. Kg1 Qe3+ 42. Kg2 Be4+ 43. Bxe4+ Qxe4+ 44. Kf2 Qf4+ 45. Qxf4 gxf4 46. d5 Kg6 47. b5 Nf5 48. a4 b6 49. a5 bxa5  0-1

[Event "Copenhagen Chess Challenge 2018"]
[Site "Ballerup"]
[Date "2018.04.27"]
[Round "4"]
[White "Andersen, Kim Nyvang"]
[Black "Hoi, Carsten"]
[Result "0-1"]
[WhiteElo "1962"]
[BlackElo "2374"]
[EventDate "2018.04.25"]
[EventRounds "9"]
[EventCountry "Danmark"]
[WhiteFideId "1415743"]
[BlackFideId "1400100"]

1. d4 d5 2. c4 dxc4 3. e3 e5 4. Bxc4 Nc6 5. Ne2 Bd6 6. Nbc3 Nf6 7. d5 Ne7 8. e4 a6 9. a4 Ng6 10. Qd3 O-O 11. Rb1 Qe7 12. Bg5 h6 13. Bd2 Nf4 14. Nxf4 exf4 15. f3 Nd7 16. Qe2 Ne5 17. Bb3 Qh4+ 18. Kf1 Bd7 19. Be1 Qh5 20. Bd1 Rae8 21. b4 f5 22. b5 axb5 23. axb5 b6 24. Bf2 g5 25. exf5 Bxf5 26. Ne4 g4 27. Rb3 Kh7 28. Bc2 gxf3 29. gxf3 Ra8 30. Nxd6 cxd6 31. Bxf5+ Qxf5 32. Qe4 Qxe4 33. fxe4 Ra1+ 34. Be1 Rc8 35. Rg1 Rcc1  0-1

[Event "Copenhagen Chess Challenge 2018"]
[Site "Ballerup"]
[Date "2018.04.27"]
[Round "4"]
[White "Haugli, Petter"]
[Black "Dalsberg, Sandra de Blecourt"]
[Result "1/2-1/2"]
[WhiteElo "2250"]
[BlackElo "2075"]
[EventDate "2018.04.25"]
[EventRounds "9"]
[EventCountry "Danmark"]
[WhiteFideId "1500104"]
[BlackFideId "1004948"]

1. c4 c6 2. Nc3 d5 3. d4 Nf6 4. e3 g6 5. Nf3 Bg7 6. Bd3 O-O 7. O-O Nbd7 8. cxd5 cxd5 9. Qb3 e6 10. Bd2 Qb6 11. Qc2 Re8 12. a4 e5 13. a5 Qd8 14. Bb5 e4 15. Ne5 Re7 16. Nxd7 Bxd7 17. Bxd7 Rxd7 18. Qb3 Rb8 19. Rfc1 b6 20. a6 Ne8 21. Nb5 Rc8 22. Bb4 Rxc1+ 23. Rxc1 Nc7 24. Qa4 Nxb5 25. Qxb5 Bf8 26. Bxf8 Kxf8 27. Qc6 Kg7 28. h3 Qe8 29. Kf1 Qd8 30. Ke2 Qe8 31. Rc3 Qd8 32. Kd2 Qe8 33. Qa4 Qd8 34. Qc6 Qe8 35. Ke2 Qd8 36. Qc8 Qxc8 37. Rxc8 Kf6 38. f3 exf3+ 39. gxf3 Ke6 40. Kd3 f5 41. e4 dxe4+ 42. fxe4 fxe4+ 43. Kxe4 Kd6 44. d5 Re7+ 45. Kd4 Rf7 46. Rd8+ Kc7 47. Ra8 Kd6 48. Rd8+ Ke7 49. Ra8 Kd6 50. Rd8+  1/2-1/2

[Event "Copenhagen Chess Challenge 2018"]
[Site "Ballerup"]
[Date "2018.04.27"]
[Round "4"]
[White "Harstad, Christian"]
[Black "Vesterli, Michael E"]
[Result "1-0"]
[WhiteElo "2000"]
[BlackElo "2149"]
[EventDate "2018.04.25"]
[EventRounds "9"]
[EventCountry "Danmark"]
[WhiteFideId "1504045"]
[BlackFideId "1417339"]

1. d4 Nf6 2. c4 g6 3. Nc3 Bg7 4. e4 d6 5. Nf3 O-O 6. Be2 e5 7. O-O Nc6 8. d5 Ne7 9. b4 a5 10. Ba3 Nd7 11. bxa5 Rxa5 12. Bb4 Ra6 13. a4 Bh6 14. Nd2 f5 15. a5 Kh8 16. Bf3 Nf6 17. Re1 Bxd2 18. Qxd2 f4 19. c5 g5 20. cxd6 cxd6 21. Be2 g4 22. g3 f3 23. Bxa6 bxa6 24. Na4 Nfg8 25. Nb6 Rf6 26. Nxc8 Qxc8 27. Qg5 Rg6 28. Qh5 Qc4 29. Bxd6 Rxd6 30. Qxe5+ Rf6 31. Qb2 Nxd5 32. exd5 Qxd5 33. Re5 Qd6 34. Rf5 Kg7 35. Rg5+ Kf8 36. Rxg4 Qe6 37. Qb8+ Ke7 38. Qxg8  1-0

[Event "Copenhagen Chess Challenge 2018"]
[Site "Ballerup"]
[Date "2018.04.27"]
[Round "4"]
[White "Eriksson, Christian Altenburg"]
[Black "Andersen, Daniel"]
[Result "1-0"]
[WhiteElo "2136"]
[BlackElo "1810"]
[EventDate "2018.04.25"]
[EventRounds "9"]
[EventCountry "Danmark"]
[WhiteFideId "1412159"]
[BlackFideId "1402714"]

1. e4 e6 2. d4 d5 3. Nd2 c5 4. exd5 Qxd5 5. Ngf3 cxd4 6. Bc4 Qd6 7. O-O Nf6 8. Nb3 Nc6 9. Nbxd4 Nxd4 10. Nxd4 a6 11. Re1 Qc7 12. Qe2 Bd6 13. h3 O-O 14. Bg5 b5 15. Bd3 Bb7 16. Bxf6 gxf6 17. Qh5 f5 18. Bxf5 exf5 19. Qg5+ Kh8 20. Qf6+ Kg8 21. Nxf5  1-0

[Event "Copenhagen Chess Challenge 2018"]
[Site "Ballerup"]
[Date "2018.04.27"]
[Round "4"]
[White "Berg, Klaus"]
[Black "Gjestemoen VonHirsch, Andre"]
[Result "1-0"]
[WhiteElo "2335"]
[BlackElo "1691"]
[EventDate "2018.04.25"]
[EventRounds "9"]
[EventCountry "Danmark"]
[WhiteFideId "1400053"]
[BlackFideId "1539531"]

1. c4 e5 2. e3 Nf6 3. Nc3 c6 4. Nf3 Qe7 5. d4 e4 6. Nd2 d5 7. b3 Na6 8. Bb2 Bg4 9. Qc1 Nc7 10. h3 Bh5 11. cxd5 Ncxd5 12. g4 Bg6 13. g5 Nd7 14. Nxd5 cxd5 15. Qc7 Qxg5 16. Bb5 Rd8 17. Qxb7 Bh5 18. Rc1 Qg2 19. Rf1 Qxh3 20. Qxd5 Be7 21. Qxe4 O-O 22. Rh1 Qg4 23. Qxg4 Bxg4 24. Rc7 Rc8 25. Rxc8 Rxc8 26. f3 Be6 27. Kd1 f5 28. d5 Bxd5 29. Bxd7 Rd8 30. e4 fxe4 31. fxe4 Rxd7 32. exd5 Rxd5 33. Kc2 h6 34. Ne4 Rf5 35. Bd4 a5 36. a4 Kh7 37. Bc3 g5 38. Rd1 Kg6 39. Rd7 Bf8 40. Ra7 Rf4 41. Kd3 Bb4 42. Ra6+ Kh5 43. Bg7 Rf3+ 44. Kc4 Rf4 45. Rxh6+ Kg4 46. Re6 Kf3 47. Kd3 g4 48. Rf6 g3 49. Rxf4+ Kxf4 50. Nxg3 Kxg3 51. Bc3 Bd6 52. Bxa5 Kf4 53. Kc4 Ke5 54. Kb5 Kd5 55. Bb6 Be5 56. a5 Bb8 57. a6 Kd6 58. a7 Bxa7 59. Bxa7 Kc7 60. b4 Kb7 61. Be3 Kb8 62. Kc6 Ka8 63. b5 Kb8 64. Bf4+ Ka8 65. Bh2 Ka7 66. b6+ Ka6 67. b7 Ka5 68. b8=Q Ka4 69. Qb2  1-0